Building Regulations Part L 2010 (Record no. 111617)
[ view plain ]
| 000 -LEADER | |
|---|---|
| fixed length control field | 00890cad a22002175a 4500 |
| 001 - CONTROL NUMBER | |
| control field | L151782 |
| 008 - FIXED-LENGTH DATA ELEMENTS--GENERAL INFORMATION | |
| fixed length control field | 101210s2010 xxk f 000 0 eng d |
| 035 ## - SYSTEM CONTROL NUMBER | |
| System control number | (Sirsi) u151782 |
| 041 0# - LANGUAGE CODE | |
| Language code of text/sound track or separate title | eng |
| 050 04 - LIBRARY OF CONGRESS CALL NUMBER | |
| Classification number | 692.8 $2 18 |
| 100 1# - MAIN ENTRY--PERSONAL NAME | |
| Personal name | Wilson, Ant |
| 111 2# - MAIN ENTRY--MEETING NAME | |
| Meeting name or jurisdiction name as entry element | Conference of the Institution of Civil Engineers |
| Location of meeting | Duxford |
| Date of meeting or treaty signing | 21 October 2010 |
| 245 00 - TITLE STATEMENT | |
| Title | Building Regulations Part L 2010 |
| Medium | [electronic resource] |
| 260 ## - PUBLICATION, DISTRIBUTION, ETC. | |
| Place of publication, distribution, etc. | [S.l.] |
| Name of publisher, distributor, etc. | AECOM |
| Date of publication, distribution, etc. | 2010 |
| 520 ## - SUMMARY, ETC. | |
| Summary, etc. | An in-depth look at the Building Regulations Part L following the 2010 update; a paper presented at the ICE Conference in Duxford on 21 October 2010. |
| 590 ## - LOCAL NOTE (RLIN) | |
| Local note | KA NTK |
| 651 #4 - SUBJECT ADDED ENTRY--GEOGRAPHIC NAME | |
| Geographic name | England and Wales |
| Chronological subdivision | 1543- |
| 690 ## - LOCAL SUBJECT ADDED ENTRY--TOPICAL TERM (OCLC, RLIN) | |
| Topical term or geographic name as entry element | Building regulations |
| 9 (RLIN) | 6224 |
| 856 40 - ELECTRONIC LOCATION AND ACCESS | |
| Uniform Resource Identifier | <a href="https://www.ice.org.uk/getattachment/0f287d02-ae33-40da-b2db-579d3adb9504/Ant-Wilson---AECOM.aspx">https://www.ice.org.uk/getattachment/0f287d02-ae33-40da-b2db-579d3adb9504/Ant-Wilson---AECOM.aspx</a> |
| Public note | View the item free of charge at www.ice.org.uk |
| 942 ## - ADDED ENTRY ELEMENTS (KOHA) | |
| Suppress in OPAC | 0 |
| Withdrawn status | Lost status | Source of classification or shelving scheme | Damaged status | Not for loan | Home library | Current library | Shelving location | Date acquired | Total Checkouts | Full call number | Barcode | Date last seen | Copy number | Price effective from | Koha item type |
|---|---|---|---|---|---|---|---|---|---|---|---|---|---|---|---|
| Dewey Decimal Classification | Virtual | Virtual | Online | 10/12/2010 | ONLINE PUBLICATION | 151782-1001 | 06/08/2019 | 1 | 06/08/2019 | Book |